[Event "Lonigo CIS 54th Serie B Girone 6"]
[Site "Lonigo"]
[Date "2023.05.21"]
[Round "4.4"]
[White "Micheli, Carlo"]
[Black "Rigo, Mario"]
[Result "1-0"]
[WhiteElo "2193"]
[BlackElo "1867"]
[PlyCount "139"]
[EventDate "2023.05.19"]
[EventType "team-tourn"]
[EventRounds "5"]
[EventCountry "ITA"]
[SourceTitle "EXT 2024"]
[Source "ChessBase"]
[SourceDate "2023.10.10"]
[SourceVersion "1"]
[SourceVersionDate "2023.10.10"]
[SourceQuality "1"]
[WhiteTeam "Marostica Pizzato Elettrica"]
[BlackTeam "Vicenza"]
[WhiteTeamCountry "ITA"]
[BlackTeamCountry "ITA"]

1. c4 Nf6 2. g3 g6 3. Bg2 Bg7 4. Nc3 0-0 5. e4 e5 6. Nge2 Nc6 7. d3 d6 8. h3 Be6 9. 0-0 Qd7 10. Kh2 Ne8 11. f4 f5 12. Nd5 Nd4 13. fxe5 Nxe2 14. Qxe2 c6 15. exf5 Bxf5 16. Ne3 Bxe5 17. Nxf5 Rxf5 18. Be3 Ng7 19. d4 Re8 20. Qd3 Bf6 21. g4 Rxf1 22. Rxf1 Qe7 23. Bd2 Bh4 24. d5 c5 25. Bc3 Rf8 26. Rxf8+ Qxf8 27. Qe3 Bf6 28. Kg3 Bxc3 29. Qxc3 Qe7 30. Kf2 Ne8 31. Qe3 Qxe3+ 32. Kxe3 g5 33. Ke4 Kf7 34. Bf1 Kf6 35. Be2 Nc7 36. a3 a5 37. b3 Na6 38. Bd3 h6 39. Bc2 Nb8 40. Bd1 b6 41. Be2 Nd7 42. Bf1 Ne5 43. Be2 Ng6 44. Bf1 Nf4 45. h4 Kg6 46. h5+ Kf6 47. Bd3 Nh3 48. Be2 Nf4 49. Bf1 Ke7 50. Kf5 Kf7 51. Ke4 Kf6 52. Bd3 Nxd3 53. Kxd3 Ke5 54. Ke3 b5 55. cxb5 Kxd5 56. Kd3 a4 57. bxa4 Ke6 58. Kc4 Kd7 59. a5 Kc7 60. a6 Kb6 61. a4 Ka7 62. a5 Kb8 63. b6 Ka8 64. Kd5 Kb8 65. Kc6 c4 66. a7+ Ka8 67. Kc7 c3 68. b7+ Kxa7 69. b8Q+ Ka6 70. Qb6# 1-0

[Event "Lonigo CIS 54th Serie B Girone 6"]
[Site "Lonigo"]
[Date "2023.05.20"]
[Round "2.4"]
[White "Rigo, Mario"]
[Black "Casonato, Stefano"]
[Result "0-1"]
[WhiteElo "1867"]
[BlackElo "1888"]
[PlyCount "62"]
[EventDate "2023.05.19"]
[EventType "team-tourn"]
[EventRounds "5"]
[EventCountry "ITA"]
[SourceTitle "EXT 2024"]
[Source "ChessBase"]
[SourceDate "2023.10.10"]
[SourceVersion "1"]
[SourceVersionDate "2023.10.10"]
[SourceQuality "1"]
[WhiteTeam "Vicenza"]
[BlackTeam "Venezia Canal Unigas"]
[WhiteTeamCountry "ITA"]
[BlackTeamCountry "ITA"]

1. Nf3 Nf6 2. g3 d5 3. Bg2 c6 4. 0-0 Bf5 5. c4 e6 6. Qb3 Qb6 7. d4 dxc4 8. Qxc4 Be7 9. Nc3 0-0 10. Nh4 Bg6 11. Nxg6 hxg6 12. e4 Nbd7 13. Bf4 Qa5 14. a3 Qh5 15. Qb3 b6 16. Qa4 Rfc8 17. e5 Nd5 18. Nxd5 exd5 19. Bxd5 b5 20. Bxf7+ Kxf7 21. Qb3+ Kf8 22. Rfe1 Nb6 23. h3 g5 24. Bd2 Nd5 25. Kg2 Kg8 26. Re4 Rf8 27. Bb4 Qf7 28. Bxe7 Nf4+ 29. Rxf4 Qxb3 30. Rxf8+ Rxf8 31. Bc5 Qf3+ 0-1

[Event "Verona op-B"]
[Site "Verona"]
[Date "2017.01.03"]
[Round "3.18"]
[White "Bonini, Roberto"]
[Black "Rigo, Mario"]
[Result "1-0"]
[WhiteElo "1874"]
[BlackElo "1611"]
[PlyCount "70"]
[EventDate "2017.01.02"]
[EventType "swiss"]
[EventRounds "7"]
[EventCountry "ITA"]
[SourceTitle "EXT 2018"]
[Source "ChessBase"]
[SourceDate "2017.10.13"]
[SourceVersion "1"]
[SourceVersionDate "2017.10.13"]
[SourceQuality "1"]

1. e4 c5 2. Nf3 d6 3. d4 cxd4 4. Nxd4 Nf6 5. Nc3 a6 6. Be2 e5 7. Nb3 Be7 8. Be3 Nc6 9. 0-0 0-0 10. f4 b5 11. f5 Bb7 12. a3 Na5 13. Nxa5 Qxa5 14. Bf3 Rac8 15. g4 Rxc3 16. bxc3 Qxc3 17. Qd3 Rc8 18. g5 Nd7 19. Bg4 Qxd3 20. cxd3 f6 21. g6 h6 22. Rfc1 Nc5 23. Be2 d5 24. exd5 Bxd5 25. a4 b4 26. d4 exd4 27. Bxd4 a5 28. Bc4 Rd8 29. Bxd5+ Rxd5 30. Rc4 Nb3 31. Re1 Nxd4 32. Rxe7 Kf8 33. Rf7+ Ke8 34. Rxg7 Nxf5 35. Rc8+ Rd8 1-0

[Event "Mogliano Veneto op-C 34th"]
[Site "Mogliano Veneto"]
[Date "2013.04.28"]
[Round "5"]
[White "Balzan, Alessandro"]
[Black "Rigo, Mario"]
[Result "1-0"]
[WhiteElo "1530"]
[BlackElo "1483"]
[PlyCount "50"]
[EventDate "2013.04.25"]
[EventType "swiss"]
[EventRounds "6"]
[EventCountry "ITA"]
[SourceTitle "EXT 2024"]
[Source "ChessBase"]
[SourceDate "2023.10.10"]
[SourceVersion "1"]
[SourceVersionDate "2023.10.10"]
[SourceQuality "1"]

1. e4 e5 2. Nf3 Nc6 3. d4 exd4 4. Bc4 Bc5 5. c3 dxc3 6. Bxf7+ Kxf7 7. Qd5+ Ke8 8. Qxc5 d6 9. Qxc3 Qe7 10. 0-0 h6 11. Bf4 Kf7 12. e5 d5 13. Qb3 b5 14. Be3 Qe6 15. Nc3 Nge7 16. Nxb5 Qd7 17. Nfd4 Nxd4 18. Bxd4 Re8 19. e6+ Kxe6 20. Rfe1+ Kf7 21. Qf3+ Nf5 22. Rxe8 Kxe8 23. Re1+ Kf8 24. Bc5+ Kg8 25. Qh5 c6 1-0

[Event "Mogliano Veneto op-C 34th"]
[Site "Mogliano Veneto"]
[Date "2013.04.28"]
[Round "6"]
[White "Viviani, Tommaso"]
[Black "Rigo, Mario"]
[Result "1-0"]
[WhiteElo "1568"]
[BlackElo "1483"]
[PlyCount "66"]
[EventDate "2013.04.25"]
[EventType "swiss"]
[EventRounds "6"]
[EventCountry "ITA"]
[SourceTitle "EXT 2024"]
[Source "ChessBase"]
[SourceDate "2023.10.10"]
[SourceVersion "1"]
[SourceVersionDate "2023.10.10"]
[SourceQuality "1"]

1. e4 e5 2. Nf3 Nc6 3. d4 exd4 4. Nxd4 Bc5 5. Be3 Qf6 6. c3 Nge7 7. Bc4 0-0 8. 0-0 d6 9. Nb5 Bxe3 10. fxe3 Qg6 11. Nxc7 Rb8 12. Nd5 Qxe4 13. Nd2 Qg6 14. e4 b5 15. Bd3 Nxd5 16. exd5 Qxd3 17. dxc6 Qe3+ 18. Kh1 Qb6 19. Qf3 Be6 20. Ne4 Bd5 21. Nf6+ gxf6 22. Qxd5 Qc5 23. Qxc5 dxc5 24. Rxf6 Rb6 25. Raf1 Ra6 26. c7 Rxa2 27. Rxf7 Rxf7 28. c8Q+ Kg7 29. Rxf7+ Kxf7 30. Qf5+ Ke7 31. Qxc5+ Kf6 32. Qd6+ Kg7 33. Qe7+ Kg6 1-0

[Event "Mogliano Veneto op-C 34th"]
[Site "Mogliano Veneto"]
[Date "2013.04.26"]
[Round "3"]
[White "Rigo, Mario"]
[Black "Sponchiado, Dario"]
[Result "1-0"]
[WhiteElo "1483"]
[BlackElo "1434"]
[PlyCount "117"]
[EventDate "2013.04.25"]
[EventType "swiss"]
[EventRounds "6"]
[EventCountry "ITA"]
[SourceTitle "EXT 2024"]
[Source "ChessBase"]
[SourceDate "2023.10.10"]
[SourceVersion "1"]
[SourceVersionDate "2023.10.10"]
[SourceQuality "1"]

1. e4 c5 2. Nc3 Nc6 3. g3 e6 4. d3 Nf6 5. f4 d5 6. e5 Nd7 7. Bg2 h5 8. Nf3 Nd4 9. Bd2 Qb6 10. Rb1 Nxf3+ 11. Qxf3 h4 12. g4 Qc6 13. h3 b5 14. b3 Bb7 15. 0-0 a6 16. Rbe1 Qc7 17. Qe2 Rb8 18. f5 d4 19. Bxb7 dxc3 20. Bxc3 Rxb7 21. Qf3 Nb6 22. Ba5 Qd7 23. fxe6 fxe6 24. Bxb6 Rxb6 25. g5 c4 26. dxc4 Bc5+ 27. Kh2 Rf8 28. Qh5+ Ke7 29. g6 Rf2+ 30. Rxf2 Bxf2 31. Rd1 Bd4 32. Qxh4+ Ke8 33. Qxd4 Qxd4 34. Rxd4 bxc4 35. Rxc4 Rb5 36. Re4 Rd5 37. Kg3 Rd2 38. Rc4 Kd7 39. a4 Re2 40. Rc5 Re1 41. Kf2 Rh1 42. Rc3 Rh2+ 43. Kg3 Re2 44. Kf3 Rxe5 45. Rd3+ Kc6 46. Kf4 Re2 47. c3 a5 48. Re3 Rf2+ 49. Ke5 Kd7 50. Rd3+ Ke7 51. Rg3 Rf5+ 52. Ke4 Rf1 53. Rf3 Rh1 54. Rf7+ Ke8 55. Rxg7 Rxh3 56. Rc7 Kf8 57. Ke5 Re3+ 58. Kf6 Rf3+ 59. Kxe6 1-0

[Event "Mogliano Veneto op-C 34th"]
[Site "Mogliano Veneto"]
[Date "2013.04.25"]
[Round "2"]
[White "Luu, Gianmarco"]
[Black "Rigo, Mario"]
[Result "0-1"]
[WhiteElo "1392"]
[BlackElo "1483"]
[PlyCount "62"]
[EventDate "2013.04.25"]
[EventType "swiss"]
[EventRounds "6"]
[EventCountry "ITA"]
[SourceTitle "EXT 2024"]
[Source "ChessBase"]
[SourceDate "2023.10.10"]
[SourceVersion "1"]
[SourceVersionDate "2023.10.10"]
[SourceQuality "1"]

1. e4 e5 2. Nf3 Nc6 3. Bb5 a6 4. Bxc6 dxc6 5. Nxe5 Qd4 6. Ng4 Qxe4+ 7. Ne3 Nf6 8. 0-0 Bd6 9. Re1 0-0 10. Nc3 Qg6 11. b3 Bd7 12. Bb2 Rfe8 13. d3 Re7 14. Re2 Rae8 15. Qd2 Bf4 16. Rae1 Bg4 17. Ba3 Re6 18. Qd1 Bxe2 19. Rxe2 Bxe3 20. fxe3 Rxe3 21. Rxe3 Rxe3 22. Qd2 Re8 23. Qf4 Nd5 24. Nxd5 cxd5 25. Qxc7 Qf6 26. Bb4 Qa1+ 27. Kf2 Qxa2 28. Qc3 h6 29. h3 d4 30. Qc4 Qa1 31. g4 Qd1 0-1

[Event "Mogliano Veneto op-C 34th"]
[Site "Mogliano Veneto"]
[Date "2013.04.25"]
[Round "1"]
[White "Rigo, Mario"]
[Black "Piazzetta, Mattia"]
[Result "1-0"]
[WhiteElo "1483"]
[BlackElo "1389"]
[PlyCount "91"]
[EventDate "2013.04.25"]
[EventType "swiss"]
[EventRounds "6"]
[EventCountry "ITA"]
[SourceTitle "EXT 2024"]
[Source "ChessBase"]
[SourceDate "2023.10.10"]
[SourceVersion "1"]
[SourceVersionDate "2023.10.10"]
[SourceQuality "1"]

1. e4 c5 2. Nc3 g6 3. g3 Nc6 4. Bg2 Bg7 5. d3 e6 6. Bd2 d6 7. f4 Nge7 8. Nge2 a6 9. a4 Bd7 10. 0-0 0-0 11. Kh1 Qb8 12. g4 Nb4 13. Ng3 Bc6 14. Na2 Nxa2 15. Rxa2 b5 16. axb5 axb5 17. Rxa8 Qxa8 18. c3 d5 19. f5 Be5 20. f6 Nc8 21. Qc1 Nd6 22. Bf4 Bxf4 23. Qxf4 Ne8 24. e5 Qa2 25. Qf2 Qa7 26. b4 Qc7 27. Qxc5 Bd7 28. Qd4 Bc6 29. Kg1 Qd7 30. h4 Nc7 31. Qe3 Ne8 32. Ra1 Qc8 33. h5 Bd7 34. d4 Ng7 35. hxg6 fxg6 36. fxg7 Kxg7 37. Bf3 Rf7 38. Kg2 Qh8 39. Rh1 h6 40. g5 h5 41. Bxh5 gxh5 42. Nxh5+ Kg6 43. Nf6 Qc8 44. Qd3+ Kxg5 45. Rh5+ Kf4 46. Qf3# 1-0

[Event "Padova op-B 15th"]
[Site "Padova"]
[Date "2012.12.22"]
[Round "4"]
[White "Rigo, Mario"]
[Black "Simongini, Giacomo"]
[Result "0-1"]
[WhiteElo "1503"]
[BlackElo "1748"]
[PlyCount "99"]
[EventDate "2012.12.15"]
[EventType "swiss"]
[EventRounds "6"]
[EventCountry "ITA"]
[SourceTitle "EXT 2015"]
[Source "ChessBase"]
[SourceDate "2014.11.20"]
[SourceVersion "1"]
[SourceVersionDate "2014.11.20"]
[SourceQuality "1"]

1. e4 e6 2. d4 d5 3. Nc3 Nf6 4. e5 Nfd7 5. Nf3 c5 6. Be3 Nc6 7. Be2 f6 8. exf6 Nxf6 9. 0-0 Be7 10. Qd2 0-0 11. Rad1 cxd4 12. Nxd4 e5 13. Nxc6 bxc6 14. Bg5 Rb8 15. Na4 Qc7 16. f3 Be6 17. a3 c5 18. Be3 Bd7 19. b3 c4 20. Qc3 Rfc8 21. f4 Bxa4 22. bxa4 d4 23. Bxd4 exd4 24. Qg3 Ne4 25. Qg4 Nc3 26. Rde1 Nxe2+ 27. Rxe2 Bc5 28. Kh1 Re8 29. Rd2 Re3 30. Qg5 Qd6 31. f5 Rf8 32. f6 Rxf6 33. Rfd1 Rxa3 34. Re1 Rxa4 35. Rde2 Rf8 36. g3 Qc6+ 37. Kg1 d3+ 38. Re3 Bxe3+ 39. Qxe3 Qb6 40. Qxb6 axb6 41. cxd3 cxd3 42. Rd1 Ra3 43. Kg2 Ra2+ 44. Kh3 d2 45. Rb1 Rc2 46. g4 h6 47. Rxb6 Rf3+ 48. Kh4 d1Q 49. Rb8+ Kh7 50. h3 0-1